03323nam a2200265 a 450000100080000000500110000800800410001910000190006024501300007926000160020930000090022550000620023452026090029665000170290565000150292265000090293765000220294665000100296865000160297865000140299465000120300865000140302065300110303465300120304513046412008-07-18 2000 bl uuuu m 00u1 u #d1 aVALE, R. S. do aEfeito da desrama artificial no crescimento e na qualidade da madeira de clones de eucalipto, em sistema agro-silvo-pastoril. a2000.c2000 a96p. aTese (Mestrado) - Universidade Federal de Lavras, Lavras. a0 presente trabalho teve como objetivo avaliar o efeito da desrama artificial no crescimento e na qualidade da madeira de clones de eucalipto, em sistema agro-silvo-pastoril, na Fazenda Riacho da Companhia Mineira de Metais, municipio de Paracatu-MG, Brasil. 0 experimento foi instalado em dezembro de 1994, com o plantio das mudas de 3 clones de hibridos naturais de Eucalyptus camaldulensis (codigo 06) e de Eucalyptus uropkylla (codigo 13 e 44), no espacamento de 10m x 4m. 0 delineamento experimental utilizado foi o de blocos casualizados com e 3 repeticoes. Os tratamentos foram dispostos em esquema de parcelas subdivididas, sendo os tratamentos primarios constituidos pelos clones e os tratamentos secundarios definidos por... As subparcelas experimentais, foram compostas por 72 arvores, sendo a area util de cada subparcela constituida de 800m2, ocupada por 20 arvores centrais de eucalipto dispostas em 4 linhas de 5 plantas cada. As caracteristicas de crescimento, avaliadas anualmente desde 1997, foram diametro a altura do peito (DAP), altura total, volume por arvore, assim como, o incremento corrente anual (ICA) para todas as caracteristicas incluindo o volume total por hectare. Para a avaliação da qualidade da madeira obteve-se no ano de 2000, a densidade basica da madeira, o numero e o diametro dos nos, a nodosidade, o numero de bolsas de resina e a conicidade das arvores. Os resultados obtidos mostraram que as caracteristicas de crescimento, em todas as avaliacoes, apresentaram diferenca significativa entre os clones. As alturas de desrama afetaram de forma significativa o crescimento, apenas na altura total media por arvore, aos 4 anos de idade. 0 incremento corrente anual (ICA) apresentou, para todas as caracteristicas de crescimento, com excecao do DAP, diferenca significativa entre os clones. As alturas de desrama apresentaram variacoes significativas, apenas para o ICA da altura total media por arvore, nao sendo significativo para os demais parametros analisados. Para todas as caracteristicas, o ICA apresentou valores medios superiores no segundo ano apos a aplicaao dos tratamentos. A densidade basica da madeira por arvore apresentou variacoes significativas entre os clones e as alturas de desrama. A densidade basica ao longo do tronco, apresentou comportamento diferenciado perante os clones e as alturas de desrama. 0 numero de nos e a nodosidade foram afetados pelas alturas de desrama. A conicidade e o numero de bolsas de resina nao foram afetados pelas alturas de desrama, apresentando diferenca significativa, somente, entre os clones. aagroforestry aEucalyptus awood aAgrossilvicultura aClone aCrescimento aEucalipto aMadeira aQualidade aGrowth aQuality